000 00559nam a2200205Ia 4500
005 20250923150049.0
008 008 250917s9999 xx 000 0 eng d
037 _aTextual
040 _aDSWL
_beng
_cDSWL
041 _aeng
_2eng
084 _aYX,Z33;5251, N97
_qDSWL
100 _aKhan, M. Z.
_9841805
245 0 _aElderly in metropolis
_c by M. Z. Khan
260 _aNew delhi
_b Inter India
_c1997
300 _a248p.
365 _aINR
_b350
925 _g350
942 _cTEXL
_hYX,Z33;5251, N97
999 _c1459137
_d1459137